Άγνωστοι πτυχαί της εθνικής αντιστάσεως 1941-1945
Saved in:
| Main Author: | |
|---|---|
| Format: | Book |
| Language: | Greek |
| Published: |
Αθήναι :
[Εκτύπωσις Ιατρικαί εκδόσεις Λεοντιάδη],
1978.
|
| Subjects: | |
| Tags: |
Add Tag
No Tags, Be the first to tag this record!
|
MARC
| LEADER | 00000nam a2200000 a 4500 | ||
|---|---|---|---|
| 001 | 1/125643 | ||
| 008 | 221202t1978####gr | ||| |||| ||gre|| | ||
| 040 | |a GR-MyUa |b gre |c GR-MyUa |e AACR2 | ||
| 041 | 0 | |a gre | |
| 082 | 7 | |a 938.764 |2 (23) | |
| 100 | 1 | |a Νάθενας, Ανδρέας Ε. |d θ.1981. | |
| 245 | 1 | 0 | |a Άγνωστοι πτυχαί της εθνικής αντιστάσεως 1941-1945 / |c Ανδρέα Εμμαν. Νάθενα. |
| 260 | |a Αθήναι : |b [Εκτύπωσις Ιατρικαί εκδόσεις Λεοντιάδη], |c 1978. | ||
| 300 | |a 333 σ. : |b φωτ. ; |c 24 εκ. | ||
| 650 | 0 | |a World War, 1939-1945 |x Underground movements |z Greece. | |
| 852 | |a INST |b SAMOS |e 20221202 |h 938.764 ΝΑΘ |p 005300047527 |q 005300047527 |t BK |y 0 | ||
| 970 | |a Γουβάλα |b Βάσω |z 2-12-2022 | ||